000 004350000a22001810004500
003 MACL
005 20160124154802.0
008 160124b xxu||||| |||| 00| 0 eng d
040 _aMACL
_cMACL
041 _aEnglish
082 _a420/KIR
100 _aKiran Publication
_934569
245 _aBank Clerical English
260 _bKiran Prakashan
_aNeW Delhi
350 _a200
650 _aEnglish
_934570
942 _cBK
_k420/Kir
_2ddc
999 _c31395
_d31395